| 000 | 01106cam a2200301 a 4500 | ||
|---|---|---|---|
| 001 | 1614830 | ||
| 005 | 20200421093816.0 | ||
| 008 | 950313s1995 nyu b 000 0 eng | ||
| 010 | _a 95013074 | ||
| 020 | _a0802115772 | ||
| 040 |
_aDLC _cDLC _dDLC |
||
| 041 | 1 |
_aeng _hfre |
|
| 050 | 0 | 0 |
_aPQ2603.E378 _bA24 1995 |
| 082 | 0 | 0 |
_a848/.91409 _220 |
| 100 | 1 |
_aBeckett, Samuel, _d1906-1989. |
|
| 240 | 1 | 0 |
_aProse works. _lEnglish |
| 245 | 1 | 0 |
_aSamuel Beckett: the complete short prose, 1929-1989 / _cedited and with an introduction and notes by S.E. Gontarski. |
| 246 | 3 | 0 | _aComplete short prose, 1929-1989 |
| 250 | _a1st ed. | ||
| 260 |
_aNew York : _bGrove Press, _cc1995. |
||
| 300 |
_axxxii, 294 p. ; _c23 cm. |
||
| 504 | _aIncludes bibliographical references (p. 287-292) | ||
| 600 | 1 | 0 |
_aBeckett, Samuel, _d1906-1989 _vTranslations into English. _9581 |
| 700 | 1 |
_aGontarski, S. E. _9236 |
|
| 906 |
_a7 _bcbc _corignew _d1 _eocip _f19 _gy-gencatlg |
||
| 942 |
_2ddc _cBK |
||
| 999 |
_c25 _d25 |
||